Central Library OPAC University of Rajshahi

The Eisenhowers : (Record no. 23819)

MARC details
000 -LEADER
fixed length control field 00732pam a2200265 i 4500
001 - CONTROL NUMBER
control field 23819
003 - CONTROL NUMBER IDENTIFIER
rucl marc code BD-RjUL
005 - DATE AND TIME OF LATEST TRANSACTION
control field 20211209000956.0
008 - FIXED-LENGTH DATA ELEMENTS--GENERAL INFORMATION
fixed length control field 140311s1978 nyu b 001 0 eng
020 ## - INTERNATIONAL STANDARD BOOK NUMBER
International Standard Book Number 0385124473
035 ## - SYSTEM CONTROL NUMBER
System control number (BD-RjUL)23884
040 ## - CATALOGING SOURCE
Original cataloging agency DLC
Transcribing agency DLC
Modifying agency BD-RjUL
Language of cataloging eng
041 ## - LANGUAGE CODE
Language code of text/sound track or separate title eng
082 00 - DEWEY DECIMAL CLASSIFICATION NUMBER
Classification number 973.9210922
Author mark and year NEE 1978
100 1# - MAIN ENTRY--PERSONAL NAME
Personal name Neal, Steve,
Dates associated with a name 1949-
9 (RLIN) 73351
245 14 - TITLE STATEMENT
Title The Eisenhowers :
Remainder of title reluctant dynasty /
Statement of responsibility, etc. Steve Neal.
260 ## - PUBLICATION, DISTRIBUTION, ETC. (IMPRINT)
Place of publication, distribution, etc. Garden City, N.Y. :
Name of publisher, distributor, etc. Doubleday,
Date of publication, distribution, etc. c1978.
300 ## - PHYSICAL DESCRIPTION
Pagination x, 493 p. ;
Size 22 cm.
504 ## - BIBLIOGRAPHY, ETC. NOTE
Bibliography, etc Bibliography: p. [471]-474.
Bibliography, etc Includes index.
600 30 - SUBJECT ADDED ENTRY--PERSONAL NAME
Personal name Eisenhower family.
942 ## - ADDED ENTRY ELEMENTS (KOHA)
Source of classification or shelving scheme Dewey Decimal Classification
Koha item type Books
Holdings
Lost status Source of classification or shelving scheme Damaged status Not for loan Collection code Permanent Location Current Location Shelving location Date acquired Source of acquisition Total Checkouts Full call number Date last seen Copy number Koha item type
  Dewey Decimal Classification   Added to bundle Non-fiction Central Library, University of Rajshahi Central Library, University of Rajshahi Reading Room 24/02/1983 American Cul.   973.9210922 NEE 1978 11/03/2014 C-1 Books